000 00722nam a22002417a 4500
003 OSt
005 20140403135458.0
008 130322t xxu||||| |||| 00| 0 eng d
020 _a052142609X
050 _aGN 502
_b.Sch399 1992
082 _aTR 155.82
_bN42 1992
100 _aSchwartz, Theodore
_944
245 _aNew directions in psychological anthropology /
_cTheodore Schwartz, Geoffrey M. White, Catherine A. Lutz.
260 _aCambridge
_bCambridge University Press
_c1992
300 _a352 p. ;
_c24 cm.
500 _aIncludes bibliographical references and index.
562 _e1
650 _aPsychology.
_945
650 _aAnthropology.
_946
942 _2lcc
_cBK
999 _c2666
_d2666